Pohjois-Savon kuntien vaakunat 2025 (keltainen laatikko) - Statistics

Yleistilastot
  • Tätä visaa on pelattu 105 kertaa
    102 viimeisimmän päivityksen jälkeen
  • Keskiarvotulos 14 / 19
Vastaustilastot
Kuvavisa Vastaus % Oikein
Kuopio
98%
Joroinen
84%
Varkaus
84%
Iisalmi
82%
Lapinlahti
82%
Rautavaara
82%
Leppävirta
80%
Kaavi
76%
Kiuruvesi
76%
Rautalampi
76%
Keitele
71%
Vesanto
71%
Pielavesi
69%
Siilinjärvi
69%
Vieremä
69%
Sonkajärvi
67%
Suonenjoki
67%
Tuusniemi
65%
Tervo
61%
Ehtoja vastaavia visoja ei löytynyt
Tulosjakauma
Jokaisen tuloksen saaneiden osuus
Persentiili vastausten määrän mukaan
Tuloshistoriasi
Et ole pelannut tätä visaa sen viimeisimmän päivityksen jälkeen